| 000 | nam a22 a 4500 | ||
|---|---|---|---|
| 999 |
_c56544 _d56544 |
||
| 003 | BLK | ||
| 005 | 20221130133244.0 | ||
| 008 | 180408b bul|||||r ||||||| ||bul|| | ||
| 010 | _aKNG00060526000 | ||
| 040 | _aBLK | ||
| 041 |
_aBUL _cBUL |
||
| 080 |
_aБългарски език _b811.163.2 _x(075.8) _z811.163.2(075.8) |
||
| 100 | 1 |
_aГеоргиев, Станьо _eпърви автор _9286594 |
|
| 139 |
_aГеоргиев, Станьо _bГ 37 |
||
| 245 | 1 | 0 |
_aМорфология на съвременния български книжовен език (неизменяеми думи) _bУч. пособие за студентите от Великотърновския унив. Кирил и Методий _cСтаньо Георгиев. |
| 257 | _aBGR | ||
| 260 |
_bУнив. изд. Св. св. Кирил и Методий _c1978 _aВ. Търново |
||
| 300 |
_a148 с. _c22 см |
||
| 380 | _a80 | ||
| 650 | 4 |
_aБългарски език - морфология - учебници за ВУЗ _9259611 |
|
| 653 | _aбългарски език | ||
| 653 | _aморфология | ||
| 653 | _aучебници за ВУЗ | ||
| 852 |
_aЦб 100937 _bЦб |
||
| 942 |
_cKNG _n0 _s1 |
||
| 944 |
_aCR _c13.06.2004 _kЧиталня |
||
| 944 |
_aED _c2022-11-30 |
||